| 000 | 01093nmb a2200265uu 4500 | ||
|---|---|---|---|
| 001 | 09044 | ||
| 003 | HDC | ||
| 007 | cr cn|---aauu| | ||
| 008 | 201211p200904 gw ||||| |||| 00| 0 eng d | ||
| 040 | _aHDC | ||
| 245 | 0 |
_aGenetically modified plants and foods : _bChallenges and future issues in Europe Final report April 2009 |
|
| 260 |
_aBerlin : _bEropean Parliamentary Technology Assessment (EPTA), _c2009 |
||
| 300 |
_a108 pages : _bcolour illustrations |
||
| 336 |
_atext _2rdacontent |
||
| 337 |
_acomputer _2rdamedia |
||
| 338 |
_aonline resource _2rdacarrier |
||
| 500 | _aResearch report submitted in partial fulfillment of the requirement for the degree of Master of Business Administration, University Sains Malaysia | ||
| 650 |
_aAgronomy _xGeneral. _99469 |
||
| 650 |
_aPlant genetic engineering. _99470 |
||
| 650 |
_aTransgenic plants. _93566 |
||
| 856 | _zRequest full-text at [email protected] | ||
| 942 | _2ddc | ||
| 942 | _cEIJ | ||
| 942 | _kREPT 000024 | ||
| 999 |
_c6367 _d6367 |
||